000 005620000a22001810004500
003 MACL
005 20160603163232.0
008 160603b xxu||||| |||| 00| 0 eng d
040 _aMACL
_cMACL
041 _aHindi
082 _a920 RAY
100 _aराय, लाला लाजपत
_962191
245 _aमैज्जिनी
_cलाला लाजपत राय
260 _bसूर्योदय प्रकाशन
_c2003
_aनई दिल्‍ली
350 _a125
650 _aBiography
_962229
942 _cHIN
_k920/RAY
_2ddc
999 _c10044
_d10044